Sociológia časopis Sociologického ústavu Slovenskej akadémie vied

Na minha lista:
Detalhes bibliográficos
Formato: Periódico
Idioma:eslovaco
inglês
Publicado em: Bratislava Slovak Academic Press 1998
Assuntos:
Tags: Adicionar Tag
Sem tags, seja o primeiro a adicionar uma tag!

MARC

LEADER 00000nas2a2200000 4500
001 s122435
005 20231103122525.1
022 |a 0049-1225 
041 0 |a slo 
041 0 |a eng 
044 |a SK 
245 1 0 |a Sociológia  |b časopis Sociologického ústavu Slovenskej akadémie vied 
264 1 |a Bratislava  |b Slovak Academic Press  |c 1998 
300 |a 1 zv. 
773 0 |w eu_un_cat*s120023 
610 2 0 |a sociológia 
610 2 0 |a štúdie sociologické 
610 2 0 |a výskum sociologický